| 000 | 00909nam a2200241 i 4500 | ||
|---|---|---|---|
| 001 | 183013 | ||
| 003 | ES-MaACL | ||
| 005 | 20251001063037.0 | ||
| 007 | t| | ||
| 008 | 140113s2010 bo ||||1| spa d | ||
| 100 | 1 |
_aBayo, Ciro, _d1859-1939 _926688 |
|
| 245 | 1 | 0 |
_aVocabulario criollo-español sud-americano / _cpor Ciro Bayo ; introducción y edición de Carlos Coello Vila. |
| 250 | _a[2ª ed.]. | ||
| 260 |
_aLa Paz, Bolivia : _bAcademia Boliviana de la Lengua, _c2010. |
||
| 300 |
_a377 p. ; _c21 cm. |
||
| 650 | 4 |
_aDialectos criollos españoles- _vDiccionarios. _9154129 |
|
| 700 | 1 |
_aCoello Vila, Carlos. _9154130 |
|
| 710 | 2 |
_aAcademia Boliviana de la Lengua. _9154131 |
|
| 852 |
_aES-MaACL _jA-12956 _9189946 _bR.149792 _cDEPO1 _dOlim: N-5956 _xDonación: Real Academia Española |
||
| 914 |
_96336 _aReal Academia Española _ednr |
||
| 942 |
_2udc _cMONOGRAFIA |
||
| 999 |
_c183013 _d183013 |
||